| 000 | 01293cam a2200349 a 4500 | ||
|---|---|---|---|
| 001 | 15350370 | ||
| 003 | OSt | ||
| 005 | 20230602123112.0 | ||
| 008 | 080701s2007 cau b 001 0 eng d | ||
| 010 | _a 2008299764 | ||
| 020 | _a9781403144850 | ||
| 020 | _a1403144850 | ||
| 035 | _a(OCoLC)ocn184842163 | ||
| 040 |
_aCLZ _cCLZ _dBAKER _dDPL _dMOF _dTBS _dDLC |
||
| 042 | _alccopycat | ||
| 082 | 0 | 4 |
_a299.93622 _222 _bHUB |
| 100 | 1 |
_aHubbard, L. Ron _q(La Fayette Ron), _d1911-1986. |
|
| 245 | 1 | 0 |
_aScience of survival : _bprediction of human behavior / _cL. Ron Hubbard. |
| 250 | _a[New ed.]. | ||
| 260 |
_aLos Angeles, Calif. : _bBridge Publications, Inc., _c2007. |
||
| 300 |
_aviii, 729 p. ; _c25 cm. |
||
| 500 | _a"A Hubbard publication." | ||
| 500 | _aOne chart on folded leaf in pocket. | ||
| 504 | _aIncludes bibliographical references and index. | ||
| 650 | 0 | _aDianetics. | |
| 650 | 0 | _aSuccess. | |
| 856 | 4 | 2 |
_3Publisher description _uhttp://www.loc.gov/catdir/enhancements/fy0835/2008299764-d.html |
| 856 | 4 | 2 |
_3Contributor biographical information _uhttp://www.loc.gov/catdir/enhancements/fy1109/2008299764-b.html |
| 906 |
_a7 _bcbc _ccopycat _d2 _encip _f20 _gy-gencatlg |
||
| 942 |
_2ddc _cBK |
||
| 999 |
_c134 _d134 |
||